-
AGGARWALA, DR. ADISH C. AND MARCHINGTON, MS. SARAH J
Entry Personal Name
Number of records used in: 1
001 - CONTROL NUMBER
003 - CONTROL NUMBER IDENTIFIER
005 - DATE AND TIME OF LATEST TRANSACTION
- control field:
20230726122522.0
008 - FIXED-LENGTH DATA ELEMENTS
- fixed length control field:
230726|| aca||aabn | a|a d
040 ## - CATALOGING SOURCE
- Original cataloging agency:
JRU
- Transcribing agency:
JRU
100 ## - HEADING--PERSONAL NAME
- Personal name:
AGGARWALA, DR. ADISH C. AND MARCHINGTON, MS. SARAH J
670 ## - SOURCE DATA FOUND
- Source citation:
Work cat.: (JRU)8341: AGGARWALA, DR. ADISH C. AND MARCHINGTON, MS. SARAH J., NARENDRA MODI: A CHARISMATIC & VISIONARY STATESMAN